Statistics for Austria or Australia?

Click here to take the quiz!

General Stats

  • This quiz has been taken 114 times
  • The average score is 13 of 15

Answer Stats

QuestionAnswer% Correct
Has a larger land areaAustralia
100%
Has a territory called TasmaniaAustralia
100%
Is 70% desertAustralia
99%
Speaks GermanAustria
99%
Whos capital starts with a CAustralia
98%
Borders the AlpsAustria
98%
Is over 4500 miles from a country that can take them onAustralia
96%
is landlockedAustria
95%
Has a region called CarinthiaAustria
87%
Is closer to IranAustria
87%
Who's capital is only guessed correctly by 67% of JetPunkersAustralia
86%
Was invadedAustria
85%
Is closer to the Atlantic OceanAustria
80%
Higher average iQAustria
75%
Higher GDPAustralia
53%

Score Distribution

Percentile by Number Answered

Percent of People with Each Score

Your Score History

You have not taken this quiz